000 00324nam a22001337a 4500
003 SGT
082 _a646.7
_bJAI
100 _aJAIN, MAYUR S.
245 _aA TEXTBOOK OF COSMETIC AND COSMECEUTICALS
260 _aINDIA
_bS. VIKASH PUB.
_c2020
300 _a134
650 _aCOSMETIC AND COSMECEUTICALS
942 _2ddc
_cBK
999 _c32497
_d32497